<?xml version="1.0" encoding="UTF-8"?>
<record
    xmlns:xsi="http://www.w3.org/2001/XMLSchema-instance"
    xsi:schemaLocation="http://www.loc.gov/MARC21/slim http://www.loc.gov/standards/marcxml/schema/MARC21slim.xsd"
    xmlns="http://www.loc.gov/MARC21/slim">

  <leader>00985nam a2200265Ia 4500</leader>
  <controlfield tag="003">OSt</controlfield>
  <controlfield tag="005">20221005111748.0</controlfield>
  <controlfield tag="006">a|||||r|||| 00| 0 </controlfield>
  <controlfield tag="007">ta</controlfield>
  <controlfield tag="008">221004b        |||||||| |||| 00| 0 hin d</controlfield>
  <datafield tag="020" ind1=" " ind2=" ">
    <subfield code="a">9788189868468 (hbk)</subfield>
    <subfield code="c">450</subfield>
  </datafield>
  <datafield tag="024" ind1=" " ind2=" ">
    <subfield code="a">121428</subfield>
  </datafield>
  <datafield tag="037" ind1=" " ind2=" ">
    <subfield code="b">13326, 14/07/2012, Kitab Ghar</subfield>
    <subfield code="c">Textual</subfield>
  </datafield>
  <datafield tag="040" ind1=" " ind2=" ">
    <subfield code="a">CRL</subfield>
    <subfield code="c">CRL</subfield>
    <subfield code="b">hin</subfield>
  </datafield>
  <datafield tag="041" ind1=" " ind2=" ">
    <subfield code="2">hin</subfield>
    <subfield code="a">hin</subfield>
  </datafield>
  <datafield tag="082" ind1=" " ind2=" ">
    <subfield code="a">V1,N91&lt;-N14, 152P9.1</subfield>
  </datafield>
  <datafield tag="100" ind1=" " ind2=" ">
    <subfield code="a">&#x939;&#x949;&#x92C;&#x94D;&#x938;&#x92C;&#x93E;&#x92E;, &#x90F;&#x930;&#x93F;&#x915;</subfield>
  </datafield>
  <datafield tag="245" ind1=" " ind2="0">
    <subfield code="a">&#x905;&#x924;&#x93F;&#x930;&#x947;&#x915;&#x94B;&#x902; &#x915;&#x93E; &#x92F;&#x941;&#x917;</subfield>
  </datafield>
  <datafield tag="246" ind1=" " ind2=" ">
    <subfield code="a">Atirekoan k&#x101; yuga</subfield>
  </datafield>
  <datafield tag="260" ind1=" " ind2=" ">
    <subfield code="a">&#x92E;&#x941;&#x902;&#x92C;&#x908;</subfield>
    <subfield code="b">&#x938;&#x902;&#x935;&#x93E;&#x926; &#x92A;&#x94D;&#x930;&#x915;&#x93E;&#x936;&#x928; &#x92D;&#x93E;&#x930;&#x924;      </subfield>
    <subfield code="c">2009</subfield>
  </datafield>
  <datafield tag="490" ind1=" " ind2=" ">
    <subfield code="v">&#x92D;&#x93E;&#x917; 1</subfield>
  </datafield>
  <datafield tag="700" ind1=" " ind2=" ">
    <subfield code="a"> &#x926;&#x940;&#x915;&#x94D;&#x937;&#x93F;&#x924;, &#x92A;&#x94D;&#x930;&#x915;&#x93E;&#x936;, &#x905;&#x928;&#x941;.</subfield>
  </datafield>
  <datafield tag="942" ind1=" " ind2=" ">
    <subfield code="h">V1,N91&lt;-N14, 152P9.1</subfield>
    <subfield code="c">TEXL</subfield>
    <subfield code="2">cc</subfield>
  </datafield>
  <datafield tag="999" ind1=" " ind2=" ">
    <subfield code="c">1022805</subfield>
    <subfield code="d">1022805</subfield>
  </datafield>
  <datafield tag="952" ind1=" " ind2=" ">
    <subfield code="0">0</subfield>
    <subfield code="1">0</subfield>
    <subfield code="4">0</subfield>
    <subfield code="7">0</subfield>
    <subfield code="a">CRL</subfield>
    <subfield code="b">CRL</subfield>
    <subfield code="d">2022-10-05</subfield>
    <subfield code="e">13326, 14/07/2012, Kitab Ghar</subfield>
    <subfield code="g">450.00</subfield>
    <subfield code="h">&#x92D;&#x93E;&#x917; 1</subfield>
    <subfield code="l">0</subfield>
    <subfield code="o">V1,N91&lt;-N14 152P9.1</subfield>
    <subfield code="p">CL1549609</subfield>
    <subfield code="r">2022-10-05 00:00:00</subfield>
    <subfield code="v">450.00</subfield>
    <subfield code="w">2022-10-05</subfield>
    <subfield code="y">TEXL</subfield>
  </datafield>
</record>
